| 000 | 00777nam a22002057a 4500 | ||
|---|---|---|---|
| 005 | 20240502144001.0 | ||
| 010 | _aHIN-127460 | ||
| 020 |
_c350.00 _a9788195270071 |
||
| 035 | _aHN-99806 | ||
| 037 | _bDBAD | ||
| 082 | _aउ | ||
| 100 |
_aप्रसाद, दुर्गा _965479 |
||
| 245 |
_aअंतिम मिलन/ _cदुर्गा प्रसाद |
||
| 260 |
_aकोलकाता _bनवीन प्रकाशन _c2022 |
||
| 270 |
_a454 रवीन्द्र सरणी नियर बी.के पाल _bकोलकाता _e700005 |
||
| 300 |
_a137पृ. _c22सेमी.(साजिल्द) |
||
| 650 |
_aहिन्दी उपन्यास _965480 |
||
| 700 | _964809 | ||
| 942 |
_2ddc _cHN _hउ _mप्रसाद |
||
| 999 |
_c202555 _d202555 |
||